000 00804nam a2200229 i 4500
003 OSt
005 20200809120832.0
008 200712b my ||||gr|||| 000 0 may d
040 _aPPAK
_beng
_cPPAK
_erda
082 0 4 _223
_a959.5112
090 _a959.5112
_bABD
_dKK
100 0 _aAbdullah Zakarria bin Ghazali
_eauthor
245 1 0 _aPERANG KEDAH - SIAM 1821 - 1842 /
_cAbdullah Zakarria bin Ghazali.
264 1 _aAlor Setar, Kedah :
_b Perbadanan Perpustakaan Awam Kedah,
300 _a19 pages :
_c30 cm
336 _2rdacontent
_atext
337 _2rdamedia
_aunmediated
338 _2rdacarrier
_avolume
500 _aArticles written by Adullah Zakaria bin Ghazali from Jabatan Sejarah kemasyarakatan Kolej Universiti Melaka ( KUIM), Melaka.
651 0 _aKedah
_xHistory.
942 _2ddc
_cB
999 _c178115
_d178115